Catálogo público

Higiene de los alimentos, microbiologia y HACCP / (Record no. 170388)

MARC details
000 -CABECERA
campo de control de longitud fija 02330nam a2200493Ia 4500
001 - NÚMERO DE CONTROL
campo de control Z_7116
003 - IDENTIFICADOR DEL NÚMERO DE CONTROL
campo de control CHAP
005 - FECHA Y HORA DE LA ÚLTIMA TRANSACCIÓN
campo de control 20241206141220.0
007 - CAMPO FIJO DE DESCRIPCIÓN FÍSICA--INFORMACIÓN GENERAL
campo de control de longitud fija ta
008 - DATOS DE LONGITUD FIJA--INFORMACIÓN GENERAL
campo de control de longitud fija 220113s20122007sp ado fr 001 0 spa d
010 ## - NÚMERO DE CONTROL DE LA BIBLIOTECA DEL CONGRESO
Número de control de LC 170388
020 ## - NÚMERO INTERNACIONAL ESTÁNDAR DEL LIBRO
Número Internacional Estándar del Libro 978- 84-200-0986-5
040 ## - FUENTE DE LA CATALOGACIÓN
Centro/agencia transcriptor CHAP
Centro catalogador/agencia de origen mxchpua
Normas de descripción rda
041 ## - CÓDIGO DE LENGUA
Código de lengua del texto/banda sonora o título independiente spa
Código de lengua del sumario o resumen spa
Código de lengua de la tabla de contenido spa
Código de lengua original eng
050 ## - SIGNATURA TOPOGRÁFICA DE LA BIBLIOTECA DEL CONGRESO
Número de clasificación TX537
Número de documento/Ítem .F67 2007
082 ## - NÚMERO DE LA CLASIFICACIÓN DECIMAL DEWEY
Número de edición 20
Número de clasificación 664.028
Número de documento/Ítem F67
100 1# - ENTRADA PRINCIPAL--NOMBRE DE PERSONA
Nombre de persona Forsythe, S. J.
9 (RLIN) 42636
240 10 - TÍTULO UNIFORME
Título uniforme Food hygiene, microbiology and HACCP.
Lenguaje de la obra Español
245 10 - MENCIÓN DE TÍTULO
Título Higiene de los alimentos, microbiologia y HACCP /
Mención de responsabilidad, etc. S. J. Forsythe y P. R. Hayes ; traductor Bernabé San Pérez
250 ## - MENCIÓN DE EDICIÓN
Mención de edición 2a edición
264 #1 - PRODUCCIÓN, PUBLICACIÓN, DISTRIBUCIÓN, FABRICACIÓN Y COPYRIGHT
Producción, publicación, distribución, fabricación y copyright Zaragoza, España :
Nombre del de productor, editor, distribuidor, fabricante Acribia,
Fecha de producción, publicación, distribución, fabricación o copyright 2007
-- 2012
300 ## - DESCRIPCIÓN FÍSICA
Extensión xxi, 489 páginas :
Otras características físicas ilustraciones, gráficas, diagramas, tablas, fotos
336 ## - TIPO DE CONTENIDO
Fuente rdacontent
Término de tipo de contenido texto
Código de tipo de contenido txt
337 ## - TIPO DE MEDIO
Fuente rdamedia
Nombre/término del tipo de medio no mediado
Código del tipo de medio n
338 ## - TIPO DE SOPORTE
Fuente rdacarrier
Nombre/término del tipo de soporte volumen
Código del tipo de soporte nc
500 ## - NOTA GENERAL
Nota general Traducción de la obra en inglés: Food hygiene, microbiology, and HACCP 3a ed.
500 ## - NOTA GENERAL
Nota general La biblioteca de Zootecnia cuenta con la reimpresión del 2012
504 ## - NOTA DE BIBLIOGRAFÍA, ETC.
Nota de bibliografía, etc. Incluye bibliografías
505 0# - NOTA DE CONTENIDO CON FORMATO
Nota de contenido con formato Prólogo a la tercera edición -- Prólogo a la segunda edición -- Prólogo a la primera edición -- Principios fundamentales de microbiología -- Toxiinfecciones alimentarias y otros peligros transmitidos por los alimentos -- Deterioro alimenticio -- Métodos de examen microbiológico -- Diseño y construcción de la fábrica -- Disposición de la fábrica -- Diseño del equipo de procesado de alimentos -- HACCP y calidad del producto -- Limpieza y desinfección: métodos -- Limpieza y desinfección: aplicaciones prácticas -- Higiene y aprendizaje del personal -- Programas y legislación mundiales de seguridad alimentaria.
650 13 - PUNTO DE ACCESO ADICIONAL DE MATERIA--TÉRMINO DE MATERIA
Término de materia o nombre geográfico como elemento de entrada Alimentos
Subdivisión general Microbiología
9 (RLIN) 140137
Fuente del encabezamiento o término atg
650 13 - PUNTO DE ACCESO ADICIONAL DE MATERIA--TÉRMINO DE MATERIA
Término de materia o nombre geográfico como elemento de entrada Microbiología alimentaria
9 (RLIN) 144094
Fuente del encabezamiento o término atg
650 13 - PUNTO DE ACCESO ADICIONAL DE MATERIA--TÉRMINO DE MATERIA
Término de materia o nombre geográfico como elemento de entrada Higiene de los alimentos
9 (RLIN) 146810
Fuente del encabezamiento o término atg
650 13 - PUNTO DE ACCESO ADICIONAL DE MATERIA--TÉRMINO DE MATERIA
Término de materia o nombre geográfico como elemento de entrada ARPCC
9 (RLIN) 155065
Fuente del encabezamiento o término atg
650 13 - PUNTO DE ACCESO ADICIONAL DE MATERIA--TÉRMINO DE MATERIA
Término de materia o nombre geográfico como elemento de entrada Food microbiology
9 (RLIN) 147891
Fuente del encabezamiento o término atg
650 13 - PUNTO DE ACCESO ADICIONAL DE MATERIA--TÉRMINO DE MATERIA
Término de materia o nombre geográfico como elemento de entrada Food sanitation
9 (RLIN) 153420
Fuente del encabezamiento o término atg
650 13 - PUNTO DE ACCESO ADICIONAL DE MATERIA--TÉRMINO DE MATERIA
Término de materia o nombre geográfico como elemento de entrada HACCP
9 (RLIN) 142969
Fuente del encabezamiento o término atg
700 1# - PUNTO DE ACCESO ADICIONAL--NOMBRE DE PERSONA
Nombre de persona Hayes, P. R.
9 (RLIN) 53190
Término indicativo de función/relación autor
700 1# - PUNTO DE ACCESO ADICIONAL--NOMBRE DE PERSONA
Nombre de persona Sanz Pérez, Bernabé
9 (RLIN) 150473
Término indicativo de función/relación traductor
942 ## - ELEMENTOS DE PUNTO DE ACCESO ADICIONAL (KOHA)
Tipo de ítem Koha Libro
Fuente del sistema de clasificación o colocación Dewey Decimal Classification
503 ## - NOTA DE HISTORIA BIBLIOGRÁFICA (BK CF MU) [OBSOLETO]
Nota de historia bibliográfica ej.1: consumo
901 ## - ELEMENTOS DE DATOS A LOCAL LDA (RLIN)
a 664.028 F67
902 ## - ELEMENTOS DE DATOS B LOCAL, LDB (RLIN)
a M
910 ## - DATOS DE OPCIÓN DEL USUARIO (OCLC)
Datos de opción del usuario 2012
Holdings
Estado de retiro Estado de pérdida Fuente del sistema de clasificación o colocación Estado dañado Restricciones de uso No para préstamo Código de colección Localización permanente Ubicación/localización actual Fecha de adquisición Total de préstamos Signatura topográfica completa Código de barras Fecha visto por última vez Fecha del último préstamo Número de copia Precio válido a partir de Tipo de ítem Koha Fuente de adquisición Número de inventario
    Dewey Decimal Classification   Préstamo interno   General Ingenieria Agroindustrial Ingenieria Agroindustrial 19/11/2024   664.028 F67 2007 1102015097 05/12/2024   Ej. 1 05/12/2024 Libro Compra Librería UACh F. 44563 C/e
    Dewey Decimal Classification   Préstamo 5 días   General Ingenieria Agroindustrial Ingenieria Agroindustrial 19/11/2024 2 664.028 F67 2007 1102015098 21/02/2025 21/02/2025 Ej. 2 05/12/2024 Libro Compra Librería UACh F. 44563 C/e
    Dewey Decimal Classification   Préstamo 5 días   General Ingenieria Agroindustrial Ingenieria Agroindustrial 19/11/2024 1 664.028 F67 2007 1102015099 16/12/2024 16/12/2024 Ej. 3 05/12/2024 Libro Compra Librería UACh F. 44563 C/e
    Dewey Decimal Classification   Préstamo interno   General Zootecnia Zootecnia 04/11/2019 1 664.028 F67 2012 z_7323 07/02/2023 07/02/2023 Ej.1 18/01/2022 Libro